01127cam a2200301 a 450000100060000000300080000600500170001400800410003102000200007202000200009203500190011204000450013104100080017608200260018410000290021024500920023926000400033130000280037150000390039950400510043865000420048965000350053165100550056670000320062194200120065399900170066595201430068227059BD-RjUL20211209051116.0140324s1991 enkb b 001 0 eng d a0861870727 (hb) a0861870743 (pb) a(BD-RjUL)27130 aDLC/CtYbengcCtYdDLCdLCdANLdBD-RjUL aeng04a956.704220bANI 19911 aAnderson, Ewan W.98311510aIraq and the continuing Middle East crisis /cEwan W. Anderson and Khalil H. Rashidian. aLondon :bPinter Publishers,c1991. a143 p. :bill.;c22 cm. aU.S. ed. in L.C. see L.C. 91-9242. aIncludes bibliographical references and index. 0aIraq-Kuwait Crisis, 1990-1991.983116 0aPersian Gulf War, 1991.983117 0aMiddle EastxPolitics and governmenty1945-9709731 aRashidian, Khalil H.983118 2ddccBK c27059d27059 00102ddc40728NFICaRUCLbRUCLcReadingd1993-05-22eKarim Int.g2567.00l0o956.704 ANI 1991r2014-03-24 00:00:00tC-1w2014-03-24yBK